[Event "POR-CHN m"]
[Site "?"]
[Date "1996.??.??"]
[Round "1"]
[White "Zhu Chen"]
[Black "Antunes, Antonio"]
[Result "0-1"]
[WhiteElo "2380"]
[BlackElo "2545"]

1.d4 d5 2.c4 c6 3.Nf3 Nf6 4.Nc3 e6 5.cxd5 exd5 6.Bg5 Be7 7.Qc2 g6 8.e3 Bf5
9.Bd3 Bxd3 10.Qxd3 Nbd7 11.O-O O-O 12.Rab1 a5 13.Qc2 Re8 14.a3 Ne4 15.Bxe7 Qxe7
16.b4 Nd6 17.Qb3 Nb6 18.b5 Nbc4 19.a4 f5 20.Rfd1 Qf6 21.g3 g5 22.bxc6 bxc6
23.Nd2 Re7 24.Nxc4 Nxc4 25.Qa2 Rae8 26.Qe2 Qf7 27.Qf3 Nxe3 28.Re1 Nc4 29.Rxe7 Rxe7
30.Rb8+ Kg7 31.Kg2 Qe6 32.Qh5 Qg6 33.Qf3 h5 34.Rc8 f4 35.Nxd5 cxd5 36.Qxd5 f3+
37.Qxf3 Rf7 38.Qe2 Nd6 39.Qe5+ Qf6 40.Ra8 Nc4 41.Qxf6+ Rxf6 42.Rc8 Nb2 43.Rc5 Ra6
44.Rxg5+ Kh6 45.Rb5 Nxa4 46.d5 Nb6 47.d6 a4 48.Rb2 Kg6 49.Kh3 a3 50.Ra2 Kf6
51.g4 hxg4+ 52.Kxg4 Nd5 53.f4 Nb4  0-1

[Event "POR-CHN m"]
[Site "?"]
[Date "1996.??.??"]
[Round "2"]
[White "Silva, Fernando"]
[Black "Zhu Chen"]
[Result "0-1"]
[WhiteElo "2365"]
[BlackElo "2380"]

1.c4 e5 2.Nc3 Nf6 3.g3 d5 4.cxd5 Nxd5 5.Bg2 Nb6 6.Nf3 Nc6 7.O-O Be7 8.a4 a5
9.d4 exd4 10.Nb5 O-O 11.Nfxd4 Nxd4 12.Qxd4 Qxd4 13.Nxd4 c6 14.e4 Rd8 15.Ne2 Be6
16.Nc3 Bb4 17.h4 Bc4 18.Re1 Bb3 19.Re3 Nxa4 20.Nxa4 Bxa4 21.Rxa4 Rd1+ 22.Kh2 Rxc1
23.Re2 Rd8 24.Ra2 f6 25.Bh3 Kf7 26.Kg2 Rd3 27.Bc8 b5 28.h5 g6 29.hxg6+ hxg6
30.Bg4 a4 31.Bh3 Bd6 32.Bc8 Be5 33.Ra3 Rxa3 34.bxa3 Bd6 35.Ra2 Ke7 36.Bb7 Kd7
37.Rd2 Kc7 38.Ba8 Bxa3 39.f4 Bb4  0-1

[Event "POR-CHN m"]
[Site "?"]
[Date "1996.??.??"]
[Round "3"]
[White "Zhu Chen"]
[Black "Fernandes, Antonio"]
[Result "1-0"]
[WhiteElo "2380"]
[BlackElo "2380"]

1.d4 f5 2.g3 Nf6 3.Bg2 g6 4.Nf3 Bg7 5.c4 O-O 6.O-O d6 7.Nc3 Qe8 8.d5 Bd7
9.Rb1 c6 10.Ne1 Na6 11.Nd3 e5 12.dxe6 Bxe6 13.b3 Rd8 14.Nf4 Bc8 15.h4 h6
16.b4 g5 17.hxg5 hxg5 18.Nh3 f4 19.Nxg5 Qh5 20.Nce4 Bf5 21.Nxf6+ Bxf6 22.Ne4 Be5
23.gxf4 Bxe4 24.Bxe4 Rd7 25.Rb3 Bxf4 26.Bxf4 Rxf4 27.Rg3+ Kf8 28.Bf3 Qh6
29.Qd2 Rh7 30.Rd1 Ke7 31.Qe3+ Kd7 32.b5 cxb5 33.Qxa7 Rxf3 34.Qxb7+ Nc7 35.Qxf3 bxc4
36.Qg2 Qf6 37.Rg6 Qe5 38.Rgxd6+  1-0

[Event "POR-CHN m"]
[Site "?"]
[Date "1996.??.??"]
[Round "7"]
[White "Zhu Chen"]
[Black "Silva, Fernando"]
[Result "1-0"]
[WhiteElo "2380"]
[BlackElo "2365"]

1.d4 Nf6 2.c4 c5 3.d5 g6 4.Nc3 Bg7 5.e4 d6 6.h3 O-O 7.Nf3 e6 8.Bd3 Re8 9.O-O Na6
10.Bg5 h6 11.Be3 Nc7 12.a4 a6 13.Qd2 exd5 14.exd5 Kh7 15.Bf4 Rb8 16.Rae1 Rxe1
17.Rxe1 Bf8 18.Qd1 Bd7 19.Nd2 b5 20.axb5 axb5 21.b3 bxc4 22.bxc4 Nce8 23.Nce4 Bf5
24.Qa1 Ra8 25.Qb1 Rb8 26.Qc2 Nxe4 27.Nxe4 Bg7 28.Qe2 Rb2 29.Qf3 Rb3 30.g4 Bxe4
31.Qxe4 Qf6 32.Bg5  1-0

[Event "POR-CHN m"]
[Site "?"]
[Date "1996.??.??"]
[Round "8"]
[White "Fernandes, Antonio"]
[Black "Zhu Chen"]
[Result "1-0"]
[WhiteElo "2380"]
[BlackElo "2380"]

1.e4 e5 2.Nf3 Nf6 3.d3 Nc6 4.c3 Be7 5.b4 a6 6.Be2 O-O 7.Nbd2 d5 8.a3 Re8
9.O-O Bf8 10.Re1 h6 11.Qc2 Bg4 12.h3 Bh5 13.Bb2 Bg6 14.Rad1 Qd7 15.Nf1 dxe4
16.dxe4 Bxe4 17.Qxe4 Qxd1 18.Bxd1 Nxe4 19.Rxe4 f5 20.Bb3+ Kh7 21.Re2 g6 22.g4 e4
23.Nd4 Nxd4 24.cxd4 Bg7 25.Ng3 Rad8 26.gxf5 Bxd4 27.Bf7 Re5 28.fxg6+ Kg7
29.Bxd4 Rxd4 30.f4 Rb5 31.a4 Rd1+ 32.Kh2 Rxb4 33.Nh5+ Kf8 34.Ba2 Rd7 35.f5 Rg7
36.Nxg7 Kxg7 37.Bd5 Rxa4 38.Bxe4 Ra5 39.Bb1 Rb5 40.Bd3  1-0

[Event "POR-CHN m"]
[Site "?"]
[Date "1996.??.??"]
[Round "10"]
[White "Galego, Luis"]
[Black "Zhu Chen"]
[Result "1/2-1/2"]
[WhiteElo "2445"]
[BlackElo "2380"]

1.e4 c5 2.Nf3 Nc6 3.Bb5 g6 4.O-O Bg7 5.Re1 e5 6.Bxc6 dxc6 7.d3 Ne7 8.a4 a5
9.Na3 O-O 10.Nc4 Qd7 11.h3 Rd8 12.Be3 b6 13.Qc1  1/2-1/2

[Event "Yerevan ol (Women)"]
[Site "Yerevan"]
[Date "1996.??.??"]
[Round "3"]
[White "Zhu Chen"]
[Black "Litinskaya, Marta I"]
[Result "1/2-1/2"]
[WhiteElo "2420"]
[BlackElo "2345"]

1.d4 d5 2.c4 c6 3.Nf3 Nf6 4.Nc3 e6 5.Bg5 dxc4 6.a4 Bb4 7.e4 Qa5 8.Bd2 c5
9.Bxc4 cxd4 10.Bb5+ Ke7 11.Nxd4 a6 12.e5 axb5 13.exf6+ gxf6 14.Nb3 Qd8 15.Nd5+ Qxd5
16.Bxb4+ Ke8 17.Qxd5 exd5 18.axb5 Rxa1+ 19.Nxa1 Rg8 20.O-O Rg4 21.f4 Bf5
22.Nb3 Nd7 23.Nd4 Be4 24.g3 Nb6 25.b3 Kd7 26.Ba5 Nc8 27.Rc1 b6 28.Bb4 Na7
29.Ra1 Nc8 30.Kf2 h5 31.h3 Rg8 32.h4 Re8 33.Ra2 Kc7 34.Ra1 Kb7 35.Nc6 Bd3
36.Re1 Rxe1 37.Kxe1 Bxb5 38.Nd8+ Kc7 39.Nxf7 Kd7 40.Nh6 Ke6 41.g4 hxg4 42.Nxg4 Kf5
43.Ne3+ Ke4 44.Kd2 d4 45.Nc2 d3 46.h5 Be8 47.h6 Bg6 48.Ne1 Kxf4 49.Nxd3+ Kg5
50.Bf8 Bh7 51.Ke3 Bg8 52.Nf4 f5 53.b4 b5 54.Bg7 Ne7 55.Bf8 Ng6  1/2-1/2

[Event "Yerevan ol (Women)"]
[Site "Yerevan"]
[Date "1996.??.??"]
[Round "5"]
[White "Medvegy, Nora"]
[Black "Zhu Chen"]
[Result "0-1"]
[WhiteElo "2295"]
[BlackElo "2420"]

1.e4 c5 2.Nf3 d6 3.d4 cxd4 4.Nxd4 Nf6 5.Nc3 a6 6.Bc4 e6 7.Bb3 Nbd7 8.Qe2 Nc5
9.Bg5 Qc7 10.O-O-O Be7 11.f4 h6 12.Bxf6 Bxf6 13.Rhe1 O-O 14.e5 dxe5 15.fxe5 Be7
16.Nf3 b5 17.Ne4 Nxe4 18.Qxe4 Bb7 19.Qe2 Rfd8 20.Kb1 Qc5 21.Rf1 a5 22.c3 a4
23.Bc2 a3 24.Nd4 Bd5 25.Nb3 Bxb3 26.Rxd8+ Bxd8 27.Bxb3 Bc7 28.Rc1 axb2 29.Kxb2 b4
30.cxb4 Qxb4 31.Qc4 Qb8 32.Kb1 Ra5 33.Rf1 Rxe5 34.Qh4 Rb5 35.Rf3 Qb6 36.Qg4 Qg1+
37.Kc2 Rg5 38.Qe4 Rxg2+ 39.Kc3 Be5+ 40.Kd3 Qb1+  0-1

[Event "Yerevan ol (Women)"]
[Site "Yerevan"]
[Date "1996.??.??"]
[Round "7"]
[White "Bojkovic, Natasa"]
[Black "Zhu Chen"]
[Result "1-0"]
[WhiteElo "2405"]
[BlackElo "2420"]

1.e4 c5 2.c3 b6 3.d4 Bb7 4.Bd3 Nf6 5.d5 c4 6.Bxc4 Nxe4 7.Nf3 Qc7 8.Qd4 Nf6
9.O-O b5 10.Bb3 d6 11.a4 bxa4 12.Bxa4+ Nbd7 13.c4 e5 14.dxe6 fxe6 15.Ng5 e5
16.Qh4 Qc8 17.Na3 Be7 18.Qh3 a6 19.Qe6 Rf8 20.Be3 h6 21.Rad1 Bc6 22.Bc2 Qb7
23.Rxd6 Rc8 24.Nh7 Nxh7 25.Bg6+ Kd8 26.Bb6+ Rc7 27.Bxc7+ Kxc7 28.Qxe7 Nf6
29.Rfd1 Rd8 30.Bf5 Qxb2 31.Rxc6+ Kxc6 32.Qxd8  1-0

[Event "Yerevan ol (Women)"]
[Site "Yerevan"]
[Date "1996.??.??"]
[Round "8"]
[White "Matveeva, Svetlana"]
[Black "Zhu Chen"]
[Result "0-1"]
[WhiteElo "2470"]
[BlackElo "2420"]

1.d4 d5 2.c4 c6 3.Nf3 Nf6 4.Nc3 e6 5.e3 Nbd7 6.Qc2 Bd6 7.b3 O-O 8.Bb2 dxc4
9.Bxc4 e5 10.O-O-O Qe7 11.Kb1 exd4 12.Nxd4 Nb6 13.Bd3 Ba3 14.Ba1 a5 15.Nf5 Bxf5
16.Bxf5 a4 17.Ne4 Nxe4 18.Qxe4 Qxe4+ 19.Bxe4 Rfe8 20.Bf3 Bf8 21.Rd3 axb3
22.axb3 g6 23.Rhd1 Bg7 24.Bd4 Ra6 25.Bxg7 Kxg7 26.Rd8 Re5 27.Rb8 Rb5 28.Rxb7 Rxb3+
29.Kc2 Rb5 30.Rc1 Ra2+ 31.Kd1 Rxf2 32.Ke1 Ra2 33.Bxc6 Rb3 34.Kf1 Rab2 35.Be8 Nd5
36.Rxf7+ Kh6 37.Kg1 Nxe3 38.Bc6 Rb1 39.Rxb1 Rxb1+ 40.Kf2 Rf1+ 41.Kxe3 Rxf7
42.Bf3 Kg5 43.g3 Kf5 44.h4 Ra7 45.Kf2 Ke5 46.Kg2 Ra3 47.Kf2 Kd4 48.Bc6 Ra6
49.Bf3 Ra2+ 50.Kg1 Ke3 51.Bc6 Ra6 52.Bb7 Rb6 53.Ba8 g5 54.hxg5 Rg6 55.Kg2 Rxg5
56.Bc6 Rc5 57.Bb7 Rc2+ 58.Kh3 Rc1 59.Bd5 Kf2 60.Kh4 Rc5 61.Bg8 h6 62.Be6 Rg5
63.Bg4 Kg2 64.Bc8 Kh2 65.g4 Kg2 66.Bb7+ Kf2 67.Ba8 Ke3 68.Kg3 Kd4 69.Kf4 Kc5
70.Be4 Kd6 71.Bf5 Ke7 72.Ke5 Kf7 73.Ke4 Kf6 74.Kf4 Rg7 75.Be4 Ra7 76.Bd5 Ra4+
77.Be4 Rb4 78.Ke3 Kg5 79.Bf3 Rb3+ 80.Ke4 Ra3 81.Bd1 Rg3 82.Bf3 Rxg4+ 83.Ke3 Ra4
84.Kf2 Kf4 85.Bd5 Rb4 86.Kg2 Rd4 87.Bc6 Rd3 88.Bb7 Rg3+ 89.Kh2 Kg4 90.Bc8+ Kh4
91.Bf5 Rf3 92.Be4 Rf2+ 93.Kg1 Kg3  0-1

[Event "Yerevan ol (Women)"]
[Site "Yerevan"]
[Date "1996.??.??"]
[Round "10"]
[White "Hunt, Harriet"]
[Black "Zhu Chen"]
[Result "1-0"]
[WhiteElo "2315"]
[BlackElo "2420"]

1.e4 c5 2.Nf3 d6 3.d4 cxd4 4.Nxd4 Nf6 5.Nc3 a6 6.Be2 e5 7.Nb3 Be7 8.O-O O-O
9.Kh1 Qc7 10.a4 b6 11.Be3 Bb7 12.f3 Nbd7 13.Rf2 Rfd8 14.Bf1 h6 15.Rd2 Bc6
16.Be2 Qb7 17.Bc4 Rdc8 18.Qe2 Nf8 19.Rdd1 Ne6 20.Nc1 Nc7 21.Nb3 d5 22.exd5 Ncxd5
23.Bd2 Nb4 24.Rac1 Bf8 25.Rf1 Qc7 26.Be3 Bb7 27.Nd2 Nfd5 28.Nxd5 Nxd5 29.Bg1 Rd8
30.Bb3 Nf4 31.Qe1 Bb4 32.Be3 b5 33.axb5 axb5 34.Qf2 Nd5 35.Ne4 Nxe3 36.Qxe3 Kh8
37.Qe2 Bf8 38.Rfd1 Bc6 39.Nc3 b4 40.Nd5 Qb8 41.Ne3 Qb7 42.Nc4 f6 43.Rxd8 Rxd8
44.Rd1 Qb8 45.Ne3 Bc5 46.Nf5 Bb5 47.Qe1 Bf2 48.Rxd8+ Qxd8 49.Qxf2  1-0

[Event "Yerevan ol (Women)"]
[Site "Yerevan"]
[Date "1996.??.??"]
[Round "11"]
[White "Zhu Chen"]
[Black "Uskova, Fliura"]
[Result "1-0"]
[WhiteElo "2420"]
[BlackElo "2310"]

1.d4 Nf6 2.Nf3 c5 3.d5 g6 4.Nc3 Bg7 5.e4 d6 6.h3 O-O 7.Bc4 Na6 8.O-O Nc7
9.a4 b6 10.Bf4 Ba6 11.Bxa6 Nxa6 12.Re1 Nc7 13.Qd2 Re8 14.Rad1 Nd7 15.Bh6 Bh8
16.Qf4 a6 17.Ng5 Ne5 18.Qg3 b5 19.f4 Nc4 20.b3 b4 21.Ne2 Nb6 22.f5 Nd7 23.Rf1 Bf6
24.h4 Be5 25.Nf4 Nf6 26.Nxh7 Nxh7 27.fxg6 fxg6 28.h5 g5 29.Bxg5 Bxf4 30.Bxf4+ Kh8
31.Bc1 Rg8 32.Bb2+ Nf6 33.Qe3 Kh7 34.e5 dxe5 35.Qxe5 Nce8 36.Qf5+ Kg7 37.d6 Kf7
38.dxe7 Qb6 39.Qd5+ Qe6 40.Qxa8 Qe3+ 41.Rf2 Qxe7 42.Qd5+ Kg7 43.Bxf6+ Nxf6
44.Qg5+ Kf7 45.Rxf6+  1-0

[Event "Yerevan ol (Women)"]
[Site "Yerevan"]
[Date "1996.??.??"]
[Round "12"]
[White "Zhu Chen"]
[Black "Bobrowska, Monika"]
[Result "1-0"]
[WhiteElo "2420"]
[BlackElo "2325"]

1.d4 Nf6 2.Nf3 g6 3.c4 Bg7 4.Nc3 O-O 5.e4 d6 6.Be2 e5 7.d5 Ne8 8.O-O f5 9.Ne1 f4
10.Nd3 Nd7 11.Bd2 h5 12.b4 Rf7 13.c5 Ndf6 14.h3 Nh7 15.f3 Bf8 16.cxd6 cxd6
17.Nf2 Rg7 18.a4 g5 19.a5 Nef6 20.Rc1 g4 21.fxg4 hxg4 22.hxg4 Ng5 23.Bf3 Nxf3+
24.gxf3 Nh5 25.Nh1 Qh4 26.Rf2 Bxg4 27.fxg4 Qh3 28.Qf1 Rxg4+ 29.Rg2 Bh6 30.Rxg4+ Qxg4+
31.Kf2 Kh8 32.Ke1 Rg8 33.Na4 Qh4+ 34.Nf2 Qh2 35.Qh3 Rg1+ 36.Ke2 f3+ 37.Qxf3 Nf4+
38.Bxf4 Bxf4 39.Rc8+ Kg7 40.Qh3  1-0

[Event "Yerevan ol (Women)"]
[Site "Yerevan"]
[Date "1996.??.??"]
[Round "13"]
[White "Zhu Chen"]
[Black "Klinova, Masha"]
[Result "1-0"]
[WhiteElo "2420"]
[BlackElo "2380"]

1.d4 Nf6 2.c4 Nc6 3.Nc3 e5 4.d5 Ne7 5.e4 Ng6 6.Be3 Bb4 7.f3 O-O 8.Ne2 d6
9.Qd2 Nd7 10.h4 Bc5 11.h5 Bxe3 12.Qxe3 Ne7 13.g4 c6 14.O-O-O cxd5 15.cxd5 Qb6
16.Qd2 a5 17.Ng3 Nc5 18.Bb5 a4 19.Kb1 Ra5 20.Nf5 Nxf5 21.gxf5 Rxb5 22.Nxb5 Qxb5
23.f6 a3 24.b3 Nxb3 25.axb3 Qxb3+ 26.Ka1 Qxf3 27.fxg7 Re8 28.Qd3 Bg4 29.h6 Qg2
30.Rb1 Be2 31.Qc2 Qf3 32.Rhc1  1-0

[Event "Yerevan ol (Women)"]
[Site "Yerevan"]
[Date "1996.??.??"]
[Round "14"]
[White "Repkova Eid, Eva"]
[Black "Zhu Chen"]
[Result "0-1"]
[WhiteElo "2345"]
[BlackElo "2420"]

1.e4 e5 2.Bc4 Nf6 3.d3 c6 4.Nf3 d5 5.Bb3 Bd6 6.Bg5 d4 7.h3 h6 8.Bh4 Nbd7
9.Nbd2 Be7 10.O-O O-O 11.Nh2 Qe8 12.Ndf3 Bd8 13.Bg3 Kh8 14.Ng4 Nxg4 15.hxg4 Bf6
16.Bh4 Bxh4 17.Nxh4 Qd8 18.Nf5 Nc5 19.Qd2 Qg5 20.f4 exf4 21.Nxd4 Bxg4 22.Qxf4 Qxf4
23.Rxf4 Nxb3 24.axb3 h5 25.b4 a6 26.Nb3 Rae8 27.Nc5 Re7 28.Raf1 f6 29.R1f2 Rd8
30.Kh2 Kg8 31.Nb3 Be6 32.Nc5 Bc8 33.Kg1 Re5 34.c3 b6 35.d4 Rg5 36.Nd3 Be6
37.Ne1 Bg4 38.Nc2 a5 39.bxa5 Rxa5 40.Ne3 Be6 41.d5 cxd5 42.exd5 Bd7 43.c4 Re8
44.Nc2 Re5 45.b4 Ra4 46.Rd2 Kf7 47.Rf1 Ra2 48.Rff2 Ba4 49.Nd4 Re1+ 50.Kh2 Raa1
51.Nf3 Rh1+ 52.Kg3 Ra3 53.Ra2 h4+ 54.Kf4 Rxa2 55.Rxa2 g5+ 56.Ke3 Bb3 57.Ra7+ Ke8
58.d6 Bxc4 59.Nd4 Bd5 60.Nb5 Kd8 61.Nc7 Re1+ 62.Kf2 Re5 63.g4 Bc4 64.Na8 Re2+
65.Kf3 Re6 66.Nxb6 Be2+ 67.Kf2 Rxd6 68.Na4 Bxg4 69.b5 Kc8 70.Rh7 Bd7 71.Rh8+ Kb7
72.Nc5+ Kb6 73.Rb8+  0-1

[Event "TCN Cup 3rd "]
[Site "Beijing"]
[Date "1997.08.12"]
[Round "3"]
[White "Zhu Chen"]
[Black "Oll, Lembit"]
[Result "1/2-1/2"]
[WhiteElo "2515"]
[BlackElo "2645"]

1.d4 Nf6 2.Nf3 d5 3.c4 e6 4.Nc3 Be7 5.Qc2 O-O 6.cxd5 exd5 7.Bg5 Nc6 8.a3 Bg4
9.e3 Bxf3 10.gxf3 Nh5 11.Bxe7 Nxe7 12.O-O-O c6 13.Kb1 Qd6 14.Bd3 Kh8 15.Ne2 b6
16.Qd2 c5 17.dxc5 bxc5 18.Ka1 Rab8 19.Bb1 Nf6 20.Ba2 Qb6 21.Qc3 c4 22.Nf4 Rfd8
23.Rd2 Nf5 24.Rhd1 d4 25.exd4 Qd6 26.Ne2 Qxh2 27.Bxc4 Nd6 28.Ba2 Qxf2 29.Qd3 Rb6
30.Nc3 Qh4 31.Re2 g6 32.Ne4 Qf4 33.Nc5 Nf5 34.d5 Kg8 35.Ne4 Nd6 36.Rde1 Nfxe4
37.fxe4 Qe5 38.Rc1 Re8 39.Bb1 Kg7 40.Qc3 h5 41.Bd3 h4 42.Qxe5+ Rxe5 43.b4 g5
44.Rh1 Rb8 45.Kb2 Rbe8 46.Rg2 Kf6 47.Rf1+ Ke7 48.Kc3 h3 49.Rg4 f6 50.Kd4 Rh8
51.Rh1 Kd8 52.Rg3 Rhe8  1/2-1/2

[Event "TCN Cup 3rd "]
[Site "Beijing"]
[Date "1997.08.13"]
[Round "4"]
[White "Atalik, Suat"]
[Black "Zhu Chen"]
[Result "1/2-1/2"]
[WhiteElo "2590"]
[BlackElo "2515"]

1.c4 e5 2.Nc3 Nf6 3.Nf3 Nc6 4.d4 exd4 5.Nxd4 Bb4 6.Bg5 h6 7.Bh4 O-O 8.Rc1 Ne5
9.e3 Ng6 10.Bg3 Ne4 11.Bd3 Bxc3+ 12.bxc3 Nxg3 13.hxg3 Ne5 14.f4 Nxd3+ 15.Qxd3 d6
16.Kf2 Re8 17.Rh4 Qe7 18.Rch1 c5 19.Nb5 Bf5 20.Qd2 a6 21.Na3 b5 22.Re1 b4
23.cxb4 cxb4 24.Qxb4 Rab8 25.Qc3 Qb7 26.Re2 Be4 27.Rh2 Qb4 28.Qxb4 Rxb4 29.Rh1 Reb8
30.Rd1 Ra4 31.Nc2 Rxa2 32.Ne1 Rxe2+ 33.Kxe2 Rb2+ 34.Kf1 Rb6 35.g4 a5 36.Rd4 Bb1
37.Nf3 Ra6 38.Rd1 Be4 39.Nd2 Bd3+ 40.Kf2 a4 41.Ra1 a3 42.Ra2 Ra4 43.Kf3 g5
44.fxg5 hxg5 45.e4 Kg7 46.Ke3 Bxc4 47.Nxc4 Rxc4 48.Rxa3 Kf6 49.Rd3  1/2-1/2

[Event "TCN Cup 3rd "]
[Site "Beijing"]
[Date "1997.08.15"]
[Round "6"]
[White "Zhang Zhong"]
[Black "Zhu Chen"]
[Result "1/2-1/2"]
[WhiteElo "2475"]
[BlackElo "2515"]

1.e4 e5 2.Nc3 Nf6 3.g3 Bc5 4.Bg2 Nc6 5.Nf3 d6 6.d3 a6 7.O-O O-O 8.Be3 Nd4
9.h3 Ba7 10.Nh2 c6 11.Qd2 Ne8 12.Rae1 f5 13.f4 fxe4 14.dxe4 Qa5 15.Rf2 Qb4
16.Qc1 exf4 17.gxf4 b5 18.a3 Qa5 19.Qd2 Ne6 20.f5 Nd8 21.e5 dxe5 22.Ng4 Qc7
23.Nxe5 Nf6 24.Ng4 Nxg4 25.hxg4 Qg3 26.Bxa7 Rxa7 27.Qe3 Qxe3 28.Rxe3 h5 29.gxh5 Bxf5
30.Re5 Raf7 31.Rd2 Rd7 32.Rxd7 Bxd7 33.Ne4 Rf5 34.Re7 Rf7 35.Re5 Rf5 36.Re7 Rf7
37.Rxf7 Kxf7 38.Nc5 Bc8 39.Ne4 Bg4 40.Nc5 a5 41.Nb3 a4 42.Nd4 Bxh5 43.Nxc6 Nxc6
44.Bxc6 Bg6 45.b4 axb3  1/2-1/2

[Event "TCN Cup 3rd "]
[Site "Beijing"]
[Date "1997.08.17"]
[Round "8"]
[White "Ye Jiangchuan"]
[Black "Zhu Chen"]
[Result "1-0"]
[WhiteElo "2530"]
[BlackElo "2515"]

1.e4 c5 2.Nf3 d6 3.d4 cxd4 4.Nxd4 Nf6 5.Nc3 a6 6.Be2 g6 7.g4 Bg7 8.g5 Nfd7
9.h4 Nc6 10.Be3 Na5 11.h5 Rg8 12.hxg6 hxg6 13.Qd2 Nb6 14.b3 Bd7 15.O-O-O Qc7
16.Rh7 Nc6 17.Nxc6 Qxc6 18.Bd4 Bxd4 19.Qxd4 Be6 20.Kb2 Rc8 21.f4 Qc5 22.Qd2 Bd7
23.a3 a5 24.Rf1 a4 25.b4 Nc4+ 26.Bxc4 Qxc4 27.Rf3 Bg4 28.Rd3 Be6 29.Qf2 Bd7
30.Qa7 b5 31.Qf2 Rf8 32.f5 gxf5 33.exf5 Qg4 34.f6 e5 35.Qb6 Qe6 36.Rxd6 Qc4
37.Qe3 Kd8 38.Qxe5 Re8 39.Qxe8+  1-0

[Event "TCN Cup 3rd "]
[Site "Beijing"]
[Date "1997.08.18"]
[Round "9"]
[White "Zhu Chen"]
[Black "Lin Weiguo"]
[Result "1/2-1/2"]
[WhiteElo "2515"]
[BlackElo "2470"]

1.d4 d5 2.c4 dxc4 3.e4 e5 4.Nf3 exd4 5.Bxc4 Nc6 6.O-O Be6 7.Bxe6 fxe6 8.Qb3 Qd7
9.Qxb7 Rb8 10.Qa6 Bd6 11.e5 Nxe5 12.Nxe5 Bxe5 13.Qxa7 Rd8 14.Nd2 Ne7 15.Nf3 Bf6
16.Bf4 O-O 17.Qxc7 Qb5 18.a4 Qxb2 19.Be5 Nd5 20.Qc6 Rfe8 21.Bxf6 Nxf6 22.a5 d3
23.Rfd1 Nd5 24.Qc1 Qc2 25.Ne1 Qxc1 26.Raxc1 Nf4 27.Rc4 e5 28.f3 Rd5 29.g3 Ne2+
30.Kf1 Rxa5 31.Rxd3 Nd4  1/2-1/2

[Event "TCN Cup 3rd "]
[Site "Beijing"]
[Date "1997.08.20"]
[Round "11"]
[White "Zhu Chen"]
[Black "Xie Jun"]
[Result "1/2-1/2"]
[WhiteElo "2515"]
[BlackElo "2495"]

1.d4 Nf6 2.c4 g6 3.Nc3 Bg7 4.e4 d6 5.Nf3 O-O 6.Be2 e5 7.O-O Nc6 8.d5 Ne7
9.b4 Nh5 10.Re1 f5 11.Nd2 Nf6 12.c5 Kh8 13.f3 Neg8 14.Nc4 Nh6 15.a4 fxe4
16.fxe4 Nfg4 17.Bxh6 Nxh6 18.Qd3 Nf7 19.c6 bxc6 20.dxc6 Ng5 21.Ne3 Ne6 22.Bg4 Nf4
23.Qd1 Bh6 24.Bxc8 Rxc8 25.b5 Qg5 26.Qg4 Nd3 27.Qxg5 Bxg5 28.Re2 Nf4 29.Ree1 Nd3
30.Re2 Nf4 31.Ree1 Nd3  1/2-1/2

[Event "ST Lee Cup 4th"]
[Site "Beijing"]
[Date "1997.08.23"]
[Round "1"]
[White "Zhu Chen"]
[Black "Zhang Weida"]
[Result "1-0"]
[WhiteElo "2515"]
[BlackElo "2335"]

1.d4 Nf6 2.c4 e6 3.Nf3 b6 4.a3 Ba6 5.Qc2 Bb7 6.Nc3 c5 7.e4 cxd4 8.Nxd4 d6
9.Be2 Be7 10.Be3 a6 11.O-O-O Qc7 12.g4 Nfd7 13.f4 O-O 14.f5 exf5 15.Nxf5 Re8
16.Rd2 Ne5 17.Rhd1 Nbd7 18.Nxd6 Bxd6 19.Rxd6 Nc5 20.g5 Ng6 21.Bf1 Bxe4 22.Nxe4 Nxe4
23.Bxb6 Qe7 24.R6d5 Nxg5 25.Bc5 Qf6 26.Rf5 Qxf5 27.Qxf5 Re5 28.Qf2 Ne4 29.Qf3 Rae8
30.Bd4 R5e6 31.c5 Ne7 32.Bc4  1-0

[Event "ST Lee Cup 4th"]
[Site "Beijing"]
[Date "1997.08.24"]
[Round "2"]
[White "Li Wenliang"]
[Black "Zhu Chen"]
[Result "0-1"]
[WhiteElo "2410"]
[BlackElo "2515"]

1.d4 d5 2.c4 c6 3.Nc3 Nf6 4.e3 e6 5.Nf3 Nbd7 6.Qc2 Bd6 7.b3 O-O 8.Be2 Qe7
9.O-O dxc4 10.bxc4 e5 11.Rd1 Re8 12.Rb1 e4 13.Nd2 Nf8 14.c5 Bc7 15.Nc4 Be6
16.Nxe4 Nxe4 17.Qxe4 b5 18.cxb6 axb6 19.Qxc6 Rec8 20.Qe4 Rxa2 21.Rb2 Rxb2
22.Bxb2 b5 23.Nd2 Qd6 24.g3 Ba5 25.Qb1 Bxd2 26.Rxd2 Bd5 27.Rd1 Qe6 28.Bd3 Bf3
29.Bf5 Qa6 30.Re1 Re8 31.e4 g6 32.Bh3 Qb7 33.d5 f5 34.Bg2 Bxg2 35.Kxg2 fxe4
36.Qd1 Qb6 37.d6 Re6 38.Qb3 Qxd6 39.Qc3 Kf7 40.Qg7+ Ke8 41.Rc1 Qd7 42.Qc3 Qb7
43.Kg1 b4 44.Qd4 h5 45.Ra1 Re7 46.Qf6 Qd5 47.Re1 Qe6 48.Qd4 Nh7 49.h4 Kf7
50.Qg7+ Ke8 51.Qh8+ Nf8 52.Ra1 Qd5 53.Bg7 Rf7 54.Rc1 e3 55.Re1 Qd2 56.Rxe3+ Kd7
57.Bf6 Qd1+ 58.Kh2 Qd2 59.Kg2 Qd5+ 60.Kg1 Qd1+ 61.Kg2 Qd5+ 62.Kg1 Qf5 63.Re2 Qxf6
64.Qh6 Re7 65.Ra2 Ne6 66.Ra8 Nc7 67.Qd2+ Kc6 68.Rg8 Qa1+ 69.Kg2 Qb1 70.Rd8 Qe4+
71.Kh2  0-1

[Event "ST Lee Cup 4th"]
[Site "Beijing"]
[Date "1997.08.25"]
[Round "3"]
[White "Zhu Chen"]
[Black "Oll, Lembit"]
[Result "0-1"]
[WhiteElo "2515"]
[BlackElo "2645"]

1.d4 Nf6 2.c4 e6 3.Nc3 c5 4.d5 exd5 5.cxd5 d6 6.e4 g6 7.Nf3 a6 8.h3 b5 9.Bd3 Bg7
10.O-O O-O 11.Bf4 Re8 12.Re1 Ra7 13.Qd2 Rae7 14.Bg5 Nbd7 15.Qf4 Ne5 16.Be2 Nh5
17.Qd2 b4 18.Nd1 Nf6 19.Nh2 Nxe4 20.Bxe7 Nxd2 21.Bxd8 Nd3 22.Ne3 Nxe1 23.Nc4 Nc2
24.Rc1 Nd4 25.Bf1 Nxc4 26.Bc7 Nb5 27.Bb8 Bd7  0-1

[Event "ST Lee Cup 4th"]
[Site "Beijing"]
[Date "1997.08.27"]
[Round "4"]
[White "Wang Yaoyao"]
[Black "Zhu Chen"]
[Result "1-0"]
[WhiteElo "2430"]
[BlackElo "2515"]

1.d4 d5 2.c4 c6 3.Nf3 Nf6 4.Nc3 e6 5.e3 Nbd7 6.Qc2 Bd6 7.g4 dxc4 8.g5 Nd5
9.Bxc4 b6 10.Bd2 Bb7 11.Qe4 b5 12.Be2 a6 13.Qg4 Nxc3 14.Bxc3 b4 15.Bd2 Rc8
16.Rg1 O-O 17.g6 hxg6 18.Ng5 Nf6 19.Qh4 c5 20.f4 cxd4 21.Rg3 Re8 22.Rh3 Kf8
23.Qh8+ Ng8 24.Rh7 Qf6 25.Rxg7 Qxg7 26.Nh7+ Qxh7 27.Qxh7 Rc2 28.Bd3 Rxb2
29.Bxg6 Re7 30.Bd3 f6 31.Qh3 e5 32.Bc1 Rg2 33.e4 Reg7 34.f5 R2g4 35.Kf2 Bxe4
36.Bxe4 Rxe4 37.Bd2 Reg4 38.Rc1 e4 39.Ke2 Rg2+ 40.Kd1 Rxh2 41.Rc8+ Ke7 42.Qb3 Rg1+
43.Be1  1-0

[Event "ST Lee Cup 4th"]
[Site "Beijing"]
[Date "1997.08.28"]
[Round "5"]
[White "Zhu Chen"]
[Black "Xu Yuanyuan"]
[Result "1-0"]
[WhiteElo "2515"]
[BlackElo "2190"]

1.d4 d5 2.c4 c6 3.Nf3 Nf6 4.Nc3 a6 5.c5 Bf5 6.Qb3 Qc8 7.h3 Nbd7 8.Bf4 h6
9.Na4 g5 10.Bh2 Bg7 11.Ne5 O-O 12.g4 Be4 13.f3 Bh7 14.O-O-O Ra7 15.h4 Nxe5
16.Bxe5 Ne8 17.Nb6 Qe6 18.Bb8 Ra8 19.Nxa8 Nf6 20.Nc7 Qc8 21.Nxa6 bxa6 22.Be5 Qe6
23.hxg5 hxg5 24.e3  1-0

[Event "ST Lee Cup 4th"]
[Site "Beijing"]
[Date "1997.08.31"]
[Round "7"]
[White "Yakovich, Yuri"]
[Black "Zhu Chen"]
[Result "1/2-1/2"]
[WhiteElo "2610"]
[BlackElo "2515"]

1.d4 d5 2.c4 c6 3.Nf3 Nf6 4.e3 e6 5.Bd3 Nbd7 6.O-O Bd6 7.Nc3 O-O 8.e4 dxe4
9.Nxe4 Nxe4 10.Bxe4 h6 11.Bc2 e5 12.Re1 exd4 13.Qxd4 Bc5 14.Qc3 a5 15.a3 Nf6
16.Be3 Bxe3 17.Rxe3 c5 18.Ne5 Qc7 19.Rd1 Be6 20.Rde1 Rfd8 21.h3 Rd4 22.Bd3  1/2-1/2

[Event "ST Lee Cup 4th"]
[Site "Beijing"]
[Date "1997.09.01"]
[Round "8"]
[White "Zhu Chen"]
[Black "Van Wely, Loek"]
[Result "1/2-1/2"]
[WhiteElo "2515"]
[BlackElo "2655"]

1.c4 Nf6 2.Nc3 e6 3.d4 d5 4.cxd5 Nxd5 5.e4 Nxc3 6.bxc3 c5 7.Nf3 cxd4 8.cxd4 Bb4+
9.Bd2 Bxd2+ 10.Qxd2 O-O 11.Bc4 b6 12.d5 Ba6 13.Bxa6 Nxa6 14.d6 f6 15.O-O Qd7
16.e5 Rac8 17.Rfe1 Nc5  1/2-1/2

[Event "ST Lee Cup 4th"]
[Site "Beijing"]
[Date "1997.09.02"]
[Round "9"]
[White "Ye Jiangchuan"]
[Black "Zhu Chen"]
[Result "1-0"]
[WhiteElo "2530"]
[BlackElo "2515"]

1.e4 c5 2.Nf3 d6 3.d4 cxd4 4.Nxd4 Nf6 5.Nc3 g6 6.Be3 Bg7 7.f3 Nc6 8.Qd2 O-O
9.O-O-O d5 10.exd5 Nxd5 11.Nxc6 bxc6 12.Bd4 e5 13.Bc5 Be6 14.Ne4 Re8 15.h4 h6
16.g4 a5 17.h5 g5 18.a4 Qc7 19.Bc4 Red8 20.Qf2 Rab8 21.Rd2 f5 22.gxf5 Bxf5
23.Rhd1 Kh8 24.Ba3 Bh7 25.Nc5 Qf7 26.Ba2 Re8 27.Qg3 Qxh5 28.Bxd5 cxd5 29.Rxd5 Rbc8
30.Rd7 Qg6 31.R1d2 h5 32.Kb1 Qf5 33.Ne4 g4 34.Qg1 Bh6 35.R2d6 Bf8 36.Rd3 Bxa3
37.bxa3 Rb8+ 38.Ka1 Rg8 39.Qa7 Bg6 40.Nd6 Qf6 41.Rf7 Bxf7 42.Nxf7+ Kg7 43.Rd7 Rge8
44.Nd8+ Kh8 45.Qxb8 e4+ 46.Ka2 exf3 47.Qb5 Qg6 48.Qb2+ Kg8 49.Qb3+ Kh8 50.Qc3+ Kg8
51.Qc4+ Kh8 52.Nf7+ Kg8 53.Nh6+  1-0

[Event "Cannes op 18th"]
[Site "Cannes"]
[Date "1997.??.??"]
[Round "2"]
[White "Liardet, Fabrice"]
[Black "Zhu Chen"]
[Result "1-0"]
[WhiteElo "2330"]
[BlackElo "2495"]

1.d4 Nf6 2.c4 e6 3.Nc3 Bb4 4.a3 Bxc3+ 5.bxc3 c5 6.e3 O-O 7.Bd3 d6 8.Ne2 e5
9.e4 Nc6 10.O-O Nh5 11.Be3 b6 12.f4 exf4 13.Nxf4 Nxf4 14.Rxf4 Ne7 15.Rf2 Ng6
16.Qh5 Qe7 17.Raf1 Be6 18.g4 Qd7 19.Rg2 cxd4 20.cxd4 Qa4 21.Rg3 Rfc8 22.d5 Qxa3
23.dxe6 fxe6 24.Rh3 Nf8 25.Bd4 e5 26.c5 Qa2 27.Rc1 exd4 28.Bc4+ Qxc4 29.Rxc4 dxc5
30.Rc1 Rd8 31.Rf1 Rd7 32.e5 g6 33.Qh6 Re8 34.Rhf3 Ne6 35.Rf6 Rde7 36.Qd2 c4
37.Qc2 b5 38.Qe4 Kg7 39.Qc6 Nc7 40.e6 Nxe6 41.Rf7+  1-0

[Event "Cannes op 18th"]
[Site "Cannes"]
[Date "1997.??.??"]
[Round "3"]
[White "Zhu Chen"]
[Black "Todorov, Todor"]
[Result "1-0"]
[WhiteElo "2495"]
[BlackElo "2370"]

1.d4 Nf6 2.c4 g6 3.Nc3 Bg7 4.e4 d6 5.Nf3 O-O 6.Be2 e5 7.O-O Nc6 8.d5 Ne7
9.Ne1 Ne8 10.Kh1 f5 11.exf5 Nxf5 12.Nf3 h6 13.Bd3 g5 14.Nd2 Nf6 15.Nde4 Bd7
16.c5 Kh8 17.Qb3 Qc8 18.cxd6 cxd6 19.Bd2 Qb8 20.Rac1 Ne8 21.a4 Rf7 22.Ne2 Nh4
23.Bb4 Bf8 24.a5 Qd8 25.Qa3 Bg4 26.N2g3 a6 27.Rc4 Qd7 28.Rfc1 Rd8 29.f3 Bf5
30.Be2 Bh3 31.Rg1 Rc8 32.Rxc8 Qxc8 33.Qa4 Bxg2+ 34.Rxg2 Nxf3 35.Qa1 Qh3 36.Qf1 Nf6
37.Rf2 Nxe4 38.Nxe4 Qf5 39.Bxf3 Qf4  1-0